Southville International School and Colleges
Your cart is empty.
  • Cart
  • Lists
    Public lists Eva Luna New books Lux_list list_1
    Your lists Log in to create your own lists
  • Log in to your account
  • Your cookies
  • Search history
Southville International School and Colleges
  • Advanced search
  • Recent comments
  • Most popular
  • Libraries

Log in to your account

Log in with GOOGLE


If you do not have an external account, but do have a local account, you can still log in:

  1. Home
  2. MARC view: Berenstain Bears (The) / :
Normal view MARC view ISBD view

Berenstain Bears (The) / : (Record no. 103027)

[ view plain ]
MARC details
000 -LEADER
fixed length control field 00618nam a2200193 a 4500
005 - DATE AND TIME OF LATEST TRANSACTION
control field 20140412111248.0
008 - FIXED-LENGTH DATA ELEMENTS--GENERAL INFORMATION
fixed length control field 020515s19uu xx 00 eng d
020 ## - INTERNATIONAL STANDARD BOOK NUMBER
International Standard Book Number 0-394-87340-8
050 ## - LIBRARY OF CONGRESS CALL NUMBER
Classification number ER
Item number Be35Ba 1986
100 ## - MAIN ENTRY--PERSONAL NAME
Personal name Berenstain, Stan
245 ## - TITLE STATEMENT
Title Berenstain Bears (The) / :
Statement of responsibility, etc Stan & Jan Berenstain.
Remainder of title Bad habit /
260 ## - PUBLICATION, DISTRIBUTION, ETC. (IMPRINT)
Place of publication, distribution, etc New York :
Name of publisher, distributor, etc Random House,
Date of publication, distribution, etc 1986.
300 ## - PHYSICAL DESCRIPTION
Extent 1 v. (unp.) ; ill.
440 ## - SERIES STATEMENT/ADDED ENTRY--TITLE
Title A First Time Book
520 ## - SUMMARY, ETC.
Summary, etc With the help of her family, Sister Bear breaks her habbit of biting her nails.
650 ## - SUBJECT ADDED ENTRY--TOPICAL TERM
Topical term or geographic name as entry element Bears
General subdivision Fiction
650 ## - SUBJECT ADDED ENTRY--TOPICAL TERM
Topical term or geographic name as entry element Nail biting
General subdivision Fiction
Holdings
Withdrawn status Lost status Damaged status Use restrictions Home library Current library Shelving location Date acquired Source of acquisition Total Checkouts Full call number Barcode Date last seen Price effective from Koha item type
        Elizalde Library Elizalde Library Easy Reading Section 05/15/2002     ER Be35Ba 1986 E3654 04/12/2014 04/12/2014 Books

Berenstain Bears (The) / :

APA

Berenstain S., . (1986). Berenstain Bears (The). New York: Random House.

Chicago

Berenstain Stan, . 1986. Berenstain Bears (The). New York: Random House.

Harvard

Berenstain S., . (1986). Berenstain Bears (The). New York: Random House.

MLA

Berenstain Stan, . Berenstain Bears (The). New York: Random House. 1986.

  • Place hold
  • Print
  • Cite
  • Add to your cart (remove)
  • Save record
    BIBTEX Dublin Core MARCXML MARC (non-Unicode/MARC-8) MARC (Unicode/UTF-8) MARC (Unicode/UTF-8, Standard) MODS (XML) RIS
  • More searches
    Search for this title in:
    Other Libraries (WorldCat) Other Databases (Google Scholar) Online Stores (Bookfinder.com) Open Library (openlibrary.org)

Exporting to Dublin Core...

SOUTHVILLE LIBRARY

Southville International School and Colleges Library

1281 Tropical Ave. Cor. Luxembourg St., BF Homes International, Las Pinas City

Tel. No. 8256374 / 252358 Loc. 117/146

Powered by Koha